| 000 | 00818nas a2200265 4500 | ||
|---|---|---|---|
| 001 | BR9208580 | ||
| 003 | BR-BrBNA | ||
| 005 | 20231205093126.0 | ||
| 007 | ta | ||
| 008 | 230509b bl.|||p| |||| 00| 00por d | ||
| 040 |
_aBR-BrBNA _bpor _cBiblioteca Nacional de Agricultura |
||
| 041 | _a(Pt) | ||
| 072 | _aH10 | ||
| 100 | 1 | _aBellettini, S. | |
| 100 | 1 | _aBecker, C.A.V. | |
| 100 | 1 | _aFurlaneto, L.C. | |
| 245 | 1 | _aDiferentes doses de fluvalinate no controle de bicho mineiro Perileucoptera coffeella (Guerin-Meneville, 1842)na cultura do cafeeiro | |
| 650 | _aCAFE | ||
| 650 | _aBICHO MINEIRO | ||
| 650 | _aINSETICIDA | ||
| 650 | _aCONTROLE QUIMICO | ||
| 773 | 0 |
_tPoliagro (Brazil) _xISSN 0100-3461 _g(1985), v. 7(1) p. 46-52 _wBR9208580 |
|
| 909 |
_a202311 _bLúcia _c55 _dLúcia Elande |
||
| 942 |
_2AGRIS _n0 _cANA |
||
| 999 |
_c136374 _d136374 |
||